<?xml version="1.0" encoding="UTF-8"?>
<record
    xmlns:xsi="http://www.w3.org/2001/XMLSchema-instance"
    xsi:schemaLocation="http://www.loc.gov/MARC21/slim http://www.loc.gov/standards/marcxml/schema/MARC21slim.xsd"
    xmlns="http://www.loc.gov/MARC21/slim">

  <leader>00517nam a2200181   4500</leader>
  <controlfield tag="003">SEACOMMC</controlfield>
  <controlfield tag="005">20250411142152.0</controlfield>
  <controlfield tag="008">250411b        |||||||| |||| 00| 0 eng d</controlfield>
  <datafield tag="020" ind1=" " ind2=" ">
    <subfield code="a">978-81-2592-063-2</subfield>
    <subfield code="c">Rs.245.00</subfield>
  </datafield>
  <datafield tag="040" ind1=" " ind2=" ">
    <subfield code="a">SEACOMMC</subfield>
  </datafield>
  <datafield tag="082" ind1=" " ind2=" ">
    <subfield code="a">621.3815</subfield>
    <subfield code="b">S167</subfield>
  </datafield>
  <datafield tag="100" ind1=" " ind2=" ">
    <subfield code="a"> Salivahanan, S</subfield>
  </datafield>
  <datafield tag="245" ind1="1" ind2=" ">
    <subfield code="a">Digital Circuits and Design</subfield>
    <subfield code="c">S. Salivahanan [and] S. Arivazhagan</subfield>
  </datafield>
  <datafield tag="250" ind1=" " ind2=" ">
    <subfield code="a">3rd ed.</subfield>
  </datafield>
  <datafield tag="260" ind1=" " ind2=" ">
    <subfield code="a"> New Delhi </subfield>
    <subfield code="b"> Vikas Publishing House</subfield>
    <subfield code="c"> 2006</subfield>
  </datafield>
  <datafield tag="650" ind1=" " ind2=" ">
    <subfield code="a">Computer-Digital Circuits</subfield>
  </datafield>
  <datafield tag="942" ind1=" " ind2=" ">
    <subfield code="c">BOOK</subfield>
  </datafield>
  <datafield tag="952" ind1=" " ind2=" ">
    <subfield code="0">0</subfield>
    <subfield code="1">0</subfield>
    <subfield code="2">ddc</subfield>
    <subfield code="4">0</subfield>
    <subfield code="7">0</subfield>
    <subfield code="a">SEACOMMC</subfield>
    <subfield code="b">SEACOMMC</subfield>
    <subfield code="c">REF</subfield>
    <subfield code="d">2007-09-22</subfield>
    <subfield code="l">0</subfield>
    <subfield code="o">621.3815 S167</subfield>
    <subfield code="p">M-54</subfield>
    <subfield code="r">2025-04-11 14:22:32</subfield>
    <subfield code="w">2025-04-11</subfield>
    <subfield code="y">REF</subfield>
  </datafield>
  <datafield tag="952" ind1=" " ind2=" ">
    <subfield code="0">0</subfield>
    <subfield code="1">0</subfield>
    <subfield code="2">ddc</subfield>
    <subfield code="4">0</subfield>
    <subfield code="7">0</subfield>
    <subfield code="a">SEACOMMC</subfield>
    <subfield code="b">SEACOMMC</subfield>
    <subfield code="d">2007-09-22</subfield>
    <subfield code="l">1</subfield>
    <subfield code="o">621.3815 S167</subfield>
    <subfield code="p">M-55</subfield>
    <subfield code="r">2026-04-14 13:24:18</subfield>
    <subfield code="s">2025-11-06</subfield>
    <subfield code="t">1</subfield>
    <subfield code="w">2025-04-11</subfield>
    <subfield code="y">BOOK</subfield>
  </datafield>
  <datafield tag="952" ind1=" " ind2=" ">
    <subfield code="0">0</subfield>
    <subfield code="1">0</subfield>
    <subfield code="2">ddc</subfield>
    <subfield code="4">0</subfield>
    <subfield code="7">0</subfield>
    <subfield code="a">SEACOMMC</subfield>
    <subfield code="b">SEACOMMC</subfield>
    <subfield code="d">2007-09-22</subfield>
    <subfield code="l">0</subfield>
    <subfield code="o">621.3815 S167</subfield>
    <subfield code="p">M-56</subfield>
    <subfield code="r">2025-04-11 14:23:11</subfield>
    <subfield code="t">2</subfield>
    <subfield code="w">2025-04-11</subfield>
    <subfield code="y">BOOK</subfield>
  </datafield>
  <datafield tag="952" ind1=" " ind2=" ">
    <subfield code="0">0</subfield>
    <subfield code="1">0</subfield>
    <subfield code="2">ddc</subfield>
    <subfield code="4">0</subfield>
    <subfield code="7">0</subfield>
    <subfield code="a">SEACOMMC</subfield>
    <subfield code="b">SEACOMMC</subfield>
    <subfield code="d">2007-09-22</subfield>
    <subfield code="l">0</subfield>
    <subfield code="o">621.3815 S167</subfield>
    <subfield code="p">M-57</subfield>
    <subfield code="r">2025-04-11 14:23:11</subfield>
    <subfield code="t">3</subfield>
    <subfield code="w">2025-04-11</subfield>
    <subfield code="y">BOOK</subfield>
  </datafield>
  <datafield tag="952" ind1=" " ind2=" ">
    <subfield code="0">0</subfield>
    <subfield code="1">0</subfield>
    <subfield code="2">ddc</subfield>
    <subfield code="4">0</subfield>
    <subfield code="7">0</subfield>
    <subfield code="a">SEACOMMC</subfield>
    <subfield code="b">SEACOMMC</subfield>
    <subfield code="d">2007-09-22</subfield>
    <subfield code="l">0</subfield>
    <subfield code="o">621.3815 S167</subfield>
    <subfield code="p">M-58</subfield>
    <subfield code="r">2025-04-11 14:23:11</subfield>
    <subfield code="t">4</subfield>
    <subfield code="w">2025-04-11</subfield>
    <subfield code="y">BOOK</subfield>
  </datafield>
  <datafield tag="952" ind1=" " ind2=" ">
    <subfield code="0">0</subfield>
    <subfield code="1">0</subfield>
    <subfield code="2">ddc</subfield>
    <subfield code="4">0</subfield>
    <subfield code="7">0</subfield>
    <subfield code="a">SEACOMMC</subfield>
    <subfield code="b">SEACOMMC</subfield>
    <subfield code="d">2007-09-22</subfield>
    <subfield code="l">0</subfield>
    <subfield code="o">621.3815 S167</subfield>
    <subfield code="p">M-59</subfield>
    <subfield code="r">2025-04-11 14:23:11</subfield>
    <subfield code="t">5</subfield>
    <subfield code="w">2025-04-11</subfield>
    <subfield code="y">BOOK</subfield>
  </datafield>
  <datafield tag="952" ind1=" " ind2=" ">
    <subfield code="0">0</subfield>
    <subfield code="1">0</subfield>
    <subfield code="2">ddc</subfield>
    <subfield code="4">0</subfield>
    <subfield code="7">0</subfield>
    <subfield code="a">SEACOMMC</subfield>
    <subfield code="b">SEACOMMC</subfield>
    <subfield code="d">2007-09-22</subfield>
    <subfield code="l">0</subfield>
    <subfield code="o">621.3815 S167</subfield>
    <subfield code="p">M-60</subfield>
    <subfield code="r">2025-04-11 14:23:11</subfield>
    <subfield code="t">6</subfield>
    <subfield code="w">2025-04-11</subfield>
    <subfield code="y">BOOK</subfield>
  </datafield>
  <datafield tag="952" ind1=" " ind2=" ">
    <subfield code="0">0</subfield>
    <subfield code="1">0</subfield>
    <subfield code="2">ddc</subfield>
    <subfield code="4">0</subfield>
    <subfield code="7">0</subfield>
    <subfield code="a">SEACOMMC</subfield>
    <subfield code="b">SEACOMMC</subfield>
    <subfield code="d">2007-09-22</subfield>
    <subfield code="l">0</subfield>
    <subfield code="o">621.3815 S167</subfield>
    <subfield code="p">M-61</subfield>
    <subfield code="r">2025-04-11 14:23:11</subfield>
    <subfield code="t">7</subfield>
    <subfield code="w">2025-04-11</subfield>
    <subfield code="y">BOOK</subfield>
  </datafield>
  <datafield tag="952" ind1=" " ind2=" ">
    <subfield code="0">0</subfield>
    <subfield code="1">0</subfield>
    <subfield code="2">ddc</subfield>
    <subfield code="4">0</subfield>
    <subfield code="7">0</subfield>
    <subfield code="a">SEACOMMC</subfield>
    <subfield code="b">SEACOMMC</subfield>
    <subfield code="d">2007-09-22</subfield>
    <subfield code="l">0</subfield>
    <subfield code="o">621.3815 S167</subfield>
    <subfield code="p">M-62</subfield>
    <subfield code="r">2025-04-11 14:23:11</subfield>
    <subfield code="t">8</subfield>
    <subfield code="w">2025-04-11</subfield>
    <subfield code="y">BOOK</subfield>
  </datafield>
  <datafield tag="952" ind1=" " ind2=" ">
    <subfield code="0">0</subfield>
    <subfield code="1">0</subfield>
    <subfield code="2">ddc</subfield>
    <subfield code="4">0</subfield>
    <subfield code="7">0</subfield>
    <subfield code="a">SEACOMMC</subfield>
    <subfield code="b">SEACOMMC</subfield>
    <subfield code="d">2007-09-22</subfield>
    <subfield code="l">0</subfield>
    <subfield code="o">621.3815 S167</subfield>
    <subfield code="p">M-63</subfield>
    <subfield code="r">2025-04-11 14:23:11</subfield>
    <subfield code="t">9</subfield>
    <subfield code="w">2025-04-11</subfield>
    <subfield code="y">BOOK</subfield>
  </datafield>
  <datafield tag="999" ind1=" " ind2=" ">
    <subfield code="c">1197</subfield>
    <subfield code="d">1197</subfield>
  </datafield>
</record>
